| 000 | 00519 a2200181 4500 | ||
|---|---|---|---|
| 003 | OSt | ||
| 005 | 20230926113346.0 | ||
| 008 | 230926b |||||||| |||| 00| 0 eng d | ||
| 020 | _a978149398258 | ||
| 040 | _coclc | ||
| 082 |
_a511.5 _bBAL/T |
||
| 100 | 1 |
_aBalakrishnan, R. _q(Rangaswami) _99603 |
|
| 245 |
_aA textbook of graph theory / _cR Balakrishnan, K Ranganathan |
||
| 250 | _a2nd ed. | ||
| 260 |
_bSpringer, _c2023. |
||
| 300 | _a292 p | ||
| 942 |
_2ddc _cBK _h511.5 _iBAL/T _k511.5 _mBAL/T |
||
| 999 |
_c42444 _d42444 |
||